| 000 | 01080nam a2200313 a 4500 | ||
|---|---|---|---|
| 001 | 3007 | ||
| 003 | BD-DhBUF | ||
| 005 | 20260219105042.0 | ||
| 008 | 940324s1993 vtua 001 0 eng d | ||
| 010 | _a 93060668 | ||
| 020 |
_a0939246384 : _c$22.00 |
||
| 035 | _a(OCoLC)29452840 960119 | ||
| 035 | _a(StEdNL)2373123-nlsdb-Voyager | ||
| 040 |
_aOC _cDLC _dOCP _dXBM _dNLE |
||
| 042 | _alccopycat | ||
| 043 | _an-us-ny | ||
| 049 | _aNLES | ||
| 050 | 0 | 4 |
_aHD9708.U64 _bE274 1993 |
| 092 |
_a338.76177 _bE13Zf, 1993 |
||
| 100 | 1 |
_aFrangos, Stephen J. _94338 |
|
| 245 | 1 | 0 |
_aTeam Zebra : _bhow 1500 partners revitalized Eastman Kodak's black & white film-making flow / _cby Stephen J. Frangos with Steven J. Bennett. |
| 260 |
_aEssex Junction, Vt. : _bOmneo, _cc1993. |
||
| 300 |
_axxv, 226 p. : _bill. ; _c24 cm. ; |
||
| 500 | _aIncludes index. | ||
| 610 | 2 | 0 |
_aEastman Kodak Company. _bBlack and White Film Division. _94339 |
| 650 | 0 |
_aOrganizational change _zNew York (State) _zRochester _xCase studies. _9126 |
|
| 700 | 1 |
_aBennett, Steven J., _d1951- _93037 |
|
| 942 |
_2ddc _cBK |
||
| 999 |
_c3007 _d3007 |
||